Responses for show #4048 - Wednesday, March 20, 2002

Contestants

Cindy D'Agostino, a documentary filmmaker from Alexandria, Virginia

Bobby Padgett, an analytical chemist from Cramerton, North Carolina

Matt Scarpino, an electrical engineer for the United States Air Force from Dayton, Ohio (whose 1-day cash winnings total $22,000)

Jeopardy! Round responses

MARINE LIFE
TENORS, ANYONE?
TV: WHO PLAYED 'EM?
CLIP ART
ARE YOU SHAKESPEARIENCED?
CLASSIC COMEDY
    $200 24
(Bobby: What is a whale?)

seal

MattBobby
    $200 12
(Cindy: Who is Pavarotti?)

Placido Domingo

Cindy
Triple Stumper
    $200 2
Don Johnson

Matt
    $200 5
smell

Matt
    $200 1
Hamlet

Bobby
    $200 15
a second opinion

Matt
    $400 26
the turtle

Cindy
    $400 13
Pavarotti

Bobby
    $400 3
Andy Griffith

Matt
    $400 14
a sobriety test

Cindy
    $400 6
(Cindy: What is A Midsummer's Night's Dream?)

A Midsummer Night's Dream

Cindy
Triple Stumper
    $400 16
I bit him.

Matt
    $600 27
a sea cucumber

Bobby
    $600 21
Faust

Cindy
    $600 4
Kim Delaney

Triple Stumper
    $600 20
Moses

Cindy
    $600 7
Julius Caesar

Matt
    $600 17
(Matt: What are frog legs?)

flies

MattBobby
    $800 29
mollusks

Cindy
    $800 22
Caruso

Matt
    $800 10
(Dave) Hasselhoff

Matt
    $800 25
(Alex: Minute to go in the round.)

ole

Matt
    $800 8
Timon of Athens

Matt
    $800 18
Christmas

Matt
    $1000 30
a polyp

Matt
    $1000 23
(Andrea) Bocelli

Matt
    $1,500 11
(Matt: Who is Wilder?)
(Alex: No. Think of the series, Little House on the Prairie. [*]. Highway to Heaven was the other one.)

Michael Landon

Matt
    $1000 28
Switzerland & the Red Cross

Cindy
    $1000 9
(Bobby: What is The Winter Tale?)
...
(Alex: The apostrophe "S" this time paid off for you. Good.)

The Winter's Tale

BobbyCindy
    $1000 19
(Alex: Hey, you're good in Classic Comedy.)

reign in Spain

Bobby

Scores at the first commercial break (after clue 16):

Matt Bobby Cindy
$2,100 -$400 $800

Scores at the end of the Jeopardy! Round:

Matt Bobby Cindy
$6,100 $1,600 $4,200

Double Jeopardy! Round responses

MARINE'S LIFE
GRAMMY-WINNING COUNTRY SONGS
(Alex: You have to name the performer of each song.)
PENINSULAS
THAT'S ITALIAN
LONG LIVE THE KING!
GOT "MEL"?
    $400 14
bombs bursting

Bobby
    $400 1
Willie Nelson

Cindy
    $400 9
(Cindy: What is Alaska?)
(Bobby: What is Louisiana?)

Maine

MattBobbyCindy
    $400 20
a piazza

Cindy
    $400 25
(Bobby: What is David?)

Daniel

BobbyCindy
    $400 2
melodrama

Cindy
    $800 15
M-16

Matt
    $800 4
(Matt: Who are The Statler Brothers?)

Shania Twain

MattBobby
    $2,300 10
(Matt: What is the Crimean Peninsula?)

the Balkan Peninsula

Matt
    $800 21
it's getting quieter (softer)

Cindy
    $800 26
Louis XVI

Matt
    $800 3
Melbourne

Bobby
    $1200 16
North Carolina

Bobby
    $1200 5
Johnny Cash

Cindy
    $1200 11
Bataan

Bobby
    $1200 22
bella

Matt
    $1200 27
(Alex: Yes, King Faud.)

Saudi Arabia

Bobby
    $1200 6
melanin

Cindy
    $1600 17
Uncommon valor

Matt
    $1600 12
The Judds

Bobby
    $1600 19
the Peloponnesus

Triple Stumper
    $1,000 23
Genoa

Matt
    $1600 28
beheading

Matt
    $1600 7
Melancholy

Matt
    $2000 18
Chesty

Bobby
    $2000 13
Vince Gill

Triple Stumper
    $2000 30
(Matt: What is Muscat?)

Qatar

Matt
Triple Stumper
    $2000 24
the credenza

Triple Stumper
    $2000 29
Priam

Matt
    $2000 8
Melanesia

Matt

Scores at the end of the Double Jeopardy! Round:

Matt Bobby Cindy
$14,000 $10,000 $8,600

[wagering suggestions for these scores]

Final Jeopardy! Round responses

FAMOUS AMERICANS
(Alex: Cindy D'Agostino,
we come to you first. Which two men
did you think of? "Who are [*] and [*]"? The president was giving him
some kind of a badge--a special agent
for narcotics badge.)
[The first name only for the first man written by Cindy was accepted without delay.]
CindyWho are Elvis & Nixon
$8,600
BobbyWho are Nixon & Elvis Presley
$9,000
MattWho is Richard Nixon & Deng Xiap
$7,000
Richard Nixon & Elvis Presley

Final scores:

Matt Bobby Cindy
$7,000 $19,000 $17,200
3rd place: stay at the Renaissance Beverly Hills Hotel New champion: $19,000 2nd place: trip to the Caribbean by Windjammer Barefoot Cruises

Game dynamics:

Coryat scores:

Matt Bobby Cindy
$18,400 $10,000 $8,600
24 R
(including 1 DD),
5 W
(including 2 DDs)
13 R,
4 W
14 R,
3 W

Combined Coryat: $37,000

The J! Archive is created by fans, for fans. The Jeopardy! game show and all elements thereof, including but not limited to copyright and trademark thereto, are the property of Jeopardy Productions, Inc. and are protected under law. This website is not affiliated with, sponsored by, or operated by Jeopardy Productions, Inc. Join the discussion at JBoard.tv.